|
|
|
|
| LEADER |
00000cam a2200000 c 4500 |
| 001 |
1622340698 |
| 003 |
DE-627 |
| 005 |
20250901100246.0 |
| 007 |
tu |
| 008 |
020205s2001 xx ||||| m 00| ||ger c |
| 015 |
|
|
|a 01,N43,0112
|2 dnb
|
| 016 |
7 |
|
|a 962751472
|2 DE-101
|
| 020 |
|
|
|a 389676506X
|9 3-89676-506-X
|
| 035 |
|
|
|a (DE-627)1622340698
|
| 035 |
|
|
|a (DE-576)096825618
|
| 035 |
|
|
|a (DE-599)DNB962751472
|
| 035 |
|
|
|a (OCoLC)50486767
|
| 040 |
|
|
|a DE-627
|b ger
|c DE-627
|e rakwb
|
| 041 |
|
|
|a ger
|
| 084 |
|
|
|a 14
|2 sdnb
|
| 084 |
|
|
|a DS 7500
|2 rvk
|0 (DE-625)rvk/19969:
|
| 100 |
1 |
|
|a Peters, Oliver
|d 1967-
|0 (DE-588)132087685
|0 (DE-627)690353480
|0 (DE-576)298937034
|4 aut
|
| 109 |
|
|
|a Peters, Oliver 1967-
|
| 245 |
1 |
0 |
|a Desintegrationsprozesse drogenabhängiger Frauen
|b biographische Rekonstruktionen
|c Oliver Peters
|
| 263 |
|
|
|a kart. : DM 36.00 (freier Pr.), sfr 33.00 (freier Pr.), S 263.00 (freier Pr.)
|
| 264 |
|
1 |
|a Baltmannsweiler
|b Schneider-Verl. Hohengehren
|c 2001
|
| 300 |
|
|
|a VIII, 166 S.
|
| 336 |
|
|
|a Text
|b txt
|2 rdacontent
|
| 337 |
|
|
|a ohne Hilfsmittel zu benutzen
|b n
|2 rdamedia
|
| 338 |
|
|
|a Band
|b nc
|2 rdacarrier
|
| 502 |
|
|
|a Zugl.: Vechta, Univ., Diss.
|
| 583 |
1 |
|
|a Archivierung prüfen
|c 20200919
|f DE-640
|z 3
|2 pdager
|
| 583 |
1 |
|
|a Archivierung/Langzeitarchivierung gewährleistet
|f PEBW
|x XA-DE-BW
|2 pdager
|5 DE-24
|
| 655 |
|
7 |
|a Hochschulschrift
|0 (DE-588)4113937-9
|0 (DE-627)105825778
|0 (DE-576)209480580
|2 gnd-content
|
| 689 |
0 |
0 |
|d s
|0 (DE-588)4230270-5
|0 (DE-627)10453947X
|0 (DE-576)210346086
|a Weibliche Gefangene
|2 gnd
|
| 689 |
0 |
1 |
|d s
|0 (DE-588)4138597-4
|0 (DE-627)104577576
|0 (DE-576)209687398
|a Drogenabhängigkeit
|2 gnd
|
| 689 |
0 |
2 |
|d s
|0 (DE-588)4338880-2
|0 (DE-627)152414797
|0 (DE-576)211392243
|a Desintegration
|g Soziologie
|2 gnd
|
| 689 |
0 |
3 |
|d s
|0 (DE-588)4482283-2
|0 (DE-627)238292126
|0 (DE-576)212890212
|a Biografisches Interview
|2 gnd
|
| 689 |
0 |
|
|5 DE-101
|
| 751 |
|
|
|a Vechta
|0 (DE-588)4062421-3
|0 (DE-627)106132008
|0 (DE-576)209144130
|4 uvp
|
| 856 |
4 |
2 |
|u https://digitale-objekte.hbz-nrw.de/storage/2005/12/27/file_396/906936.pdf
|m V:DE-605
|m X:migimw
|q application/pdf
|v 2025-07-00
|3 Inhaltsverzeichnis
|7 1
|
| 936 |
r |
v |
|a DS 7500
|b Betreuung von Suchtkranken, Drogenerziehung
|k Pädagogik
|k Sozialpädagogik, Sozialarbeit
|k Berufsfelder
|k Betreuung von Suchtkranken, Drogenerziehung
|0 (DE-627)1270784536
|0 (DE-625)rvk/19969:
|0 (DE-576)200784536
|
| 951 |
|
|
|a BO
|
| ELC |
|
|
|b 1
|
| LOK |
|
|
|0 000 xxxxxcx a22 zn 4500
|
| LOK |
|
|
|0 001 324512600X
|
| LOK |
|
|
|0 003 DE-627
|
| LOK |
|
|
|0 004 1622340698
|
| LOK |
|
|
|0 005 20210223103451
|
| LOK |
|
|
|0 008 100331||||||||||||||||ger|||||||
|
| LOK |
|
|
|0 040
|a DE-21-110
|c DE-627
|d DE-21-110
|
| LOK |
|
|
|0 541
|e 10/70
|
| LOK |
|
|
|0 689
|a s
|a Drogenabhängigkeit
|
| LOK |
|
|
|0 689
|a s
|a Frauen
|
| LOK |
|
|
|0 689
|a s
|a Gefängnis
|
| LOK |
|
|
|0 689
|a s
|a Integration
|
| LOK |
|
|
|0 689
|a s
|a Exklusion
|
| LOK |
|
|
|0 689
|a s
|a Biographie
|
| LOK |
|
|
|0 689
|a s
|a Anomie
|
| LOK |
|
|
|0 689
|a s
|a Subkultur
|
| LOK |
|
|
|0 689
|a s
|a Sozialpädagogik
|
| LOK |
|
|
|0 852
|z vermisst 15-02-2021
|
| LOK |
|
|
|0 852
|a DE-21-110
|
| LOK |
|
|
|0 852 1
|c C XVII 816
|m p
|9 00
|
| LOK |
|
|
|0 936ln
|a 9.7
|
| LOK |
|
|
|0 938
|a 1003
|
| LOK |
|
|
|0 938
|k p
|
| LOK |
|
|
|0 939
|a 31-03-10
|b l01
|
| ORI |
|
|
|a SA-MARC-krimdoka001.raw
|